Formas de ciudadanía en América Latina /
Guardat en:
| Autor corporatiu: | |
|---|---|
| Altres autors: | , |
| Format: | Llibre |
| Idioma: | Spanish |
| Col·lecció: | Estudios AHILA de historia latinoamericana ;
no. 10 |
| Matèries: | |
| Etiquetes: |
Afegir etiqueta
Sense etiquetes, Sigues el primer a etiquetar aquest registre!
|
MARC
| LEADER | 00000cam a2200000Ii 4500 | ||
|---|---|---|---|
| 001 | 10650034 | ||
| 005 | 20160113112152.0 | ||
| 008 | 140211s2013 sp b 000 0 spa d | ||
| 020 | |a 9788484897743 (Iberoamericana) | ||
| 020 | |a 8484897745 (Iberoamericana) | ||
| 020 | |z 9783865273227 (Vervuert) | ||
| 040 | |a PIT |b eng |c PIT |d PIT |d C3L |d TJC |d UKMGB |d NLGGC |d CIICLA UCR | ||
| 082 | 1 | 4 | |a 320 |2 21 |b F724f |
| 245 | 1 | 0 | |a Formas de ciudadanía en América Latina / |c Mirta Zaida Lobato y Sofia Venturoli, editores. |
| 300 | |a 195 páginas; |c 23 centímetros | ||
| 490 | 1 | |a Estudios AHILA de historia latinoamericana ; |v no. 10 | |
| 500 | |a En la parte superior de la portada: Asociación de Historiadores Latinoamericanistas Europeos. | ||
| 504 | |a Incluye referencias bibliográficas (páginas173-190). | ||
| 505 | |r Flavia Macías. |t La ciudadanía y su dimensión política en la América Latina decimonónica / | ||
| 505 | |r Verónica Giordano. |t Modernidad, modernización y sufragio universal: la experiencia de Argentina, Brasil, Chile y Uruguay / | ||
| 505 | |r María E. Argeri. |t Identidades, ciudadanía y etnicidad. Perspectivas históricas / | ||
| 505 | |r Juan Suriano- |t La construcción histórica de la ciudadanía social en Argentina. Una lectura a largo plazo / | ||
| 505 | |r Jeanine Anderson y Helen Palma Pinedo. |t Los ciudadanos y ciudadanas menores del Perú / | ||
| 505 | |r Sofía Venturoli y Francesco Zanotelli. |t Inacabas. Etnicidades y ciudadanías sustantivas en México y Péru / | ||
| 505 | |r Marianne Wiesebron. |t Democracia participativa e cidadania no Brasil / | ||
| 650 | 1 | 0 | |a CIUDADANIA |z AMERICA LATINA |
| 650 | 1 | 0 | |a PARTICIPACIÓN POLITICA |z AMERICA LATINA |
| 700 | 1 | |a Lobato, Mirta Zaida |e editor | |
| 700 | 1 | |a Venturoli, Sofia |e editor | |
| 710 | 2 | |a Asociación de Historiadores Latinoamericanistas Europeos | |
| 942 | |2 ddc |c BK | ||
| 999 | |c 4548 |d 4548 | ||



